000 00530nam a2200193 a 4500
001 1769763991038
003 YourLibrary
005 20260131161944.0
008 260130s1996##################000#0#eng##
020 _a9780070082038
082 0 4 _a332.0151
_bZIM
100 1 _aZima, Petr,
_eauthor.
245 1 0 _aSchaum's Outline of Mathematics of Finance :
260 _bMcGraw Hill Professional,
_c1996.
300 _a270 pages
650 0 _aBusiness & Economics.
942 _cENGLISH
040 _aYourLibrary
_beng
_cYourLibrary
999 _c609525
_d609525